| 000 | 01245nam a22002897a 4500 | ||
|---|---|---|---|
| 005 | 20120824160330.0 | ||
| 008 | 101019t xxu||||| |||| 00| 0 hin | ||
| 010 | _aHIN-96503 | ||
| 020 |
_c250.00 _a8188717592 |
||
| 035 | _aHN-68849 | ||
| 037 | _bDBAD / PUB | ||
| 040 |
_aDPL _bHN |
||
| 082 | _a791.42 | ||
| 100 |
_923632 _aभट्ट, महेश |
||
| 245 |
_aज़िद जीतने की / _cमहेश भट्ट; अजय ब्रह्मात्मज द्वारा संपादित |
||
| 246 |
_aZid jeetne ki _bby Mahesh Bhatt; edited by Ajay Brahamatmaj |
||
| 260 |
_aनई दिल्ली _bगंगा डिस्ट्रीब्यूटर्स _c2009 |
||
| 270 |
_bनई दिल्ली _a21-ए, दरियागंज _e110002 |
||
| 300 | 1 |
_a161पृ. _c22सेमी (सजिल्द) |
|
| 650 | _9657 | ||
| 650 | _951471 | ||
| 700 |
_939143 _aअजय ब्रह्मात्मज |
||
| 710 | _934811 | ||
| 710 | _935049 | ||
| 942 |
_2ddc _cHN _mभट्टम _h791.47 |
||
| 999 |
_c69303 _d69303 |
||